Nástroje pro účinné vyhledávání informací

Hlavní autor: Tkačíková, Daniela, 1953-
Jazyk: Čeština
Vydáno: Ostrava : Vysoká škola báňská - Technická univerzita Ostrava, 2010
Vydání: 1. vyd.
Témata:
Fyzický popis: 1 CD-ROM
Knihy
Uloženo v:
LEADER 01804nam a2200469 a 4500
001 001109880
003 CZ BrMZK
005 20101123082306.0
006 m||||||||d||||||||
007 co^cg
008 100810s2010 xr e f 00| 0 cze
015 |a cnb002027942 
020 |a 978-80-248-2156-6  |q (CDR) :  |c neprodejné 
040 |a BOA001  |b cze 
072 7 |a 00  |x Věda. Všeobecnosti. Základy vědy a kultury. Vědecká práce  |2 Konspekt  |9 12 
080 |a 001.102  |2 MRF 
080 |a 004.657  |2 MRF 
080 |a 025.4.03  |2 MRF 
080 |a 004.312.22  |2 MRF 
080 |a 002+007  |2 MRF 
080 |a 007+004  |2 MRF 
080 |a (035)  |2 MRF 
080 |a (0.034.44)  |2 MRF 
100 1 |a Tkačíková, Daniela,  |d 1953-  |7 js20011127001  |4 aut 
245 1 0 |a Nástroje pro účinné vyhledávání informací  |h [elektronický zdroj] /  |c zpracovala Daniela Tkačíková 
250 |a 1. vyd. 
260 |a Ostrava :  |b Vysoká škola báňská - Technická univerzita Ostrava,  |c 2010 
300 |a 1 CD-ROM 
500 |a Název z tit. obrazovky 
500 |a "Vytvořeno v rámci projektu Operačního programu Vzdělávání pro konkurenceschopnost CZ.1.07/2.3.00/09.194 Digitální portfolio" 
538 |a Požadavky na systém: Adobe Acrobat Reader 
650 0 7 |a informace  |7 ph121095  |2 czenas 
650 0 7 |a vyhledávání informací  |7 ph163856  |2 czenas 
650 0 7 |a logické funkce  |7 ph122426  |2 czenas 
650 0 7 |a informační zdroje  |7 ph121110  |2 czenas 
650 0 7 |a informační systémy  |7 ph114774  |2 czenas 
655 7 |a příručky  |7 fd133209  |2 czenas 
655 7 |a CD-ROM  |7 fd133955  |2 czenas 
910 |a BOA001  |b CDR-1246.251 
990 |a BK 
991 |b 201011  |c NOV  |e n 
996 3 |b 2610445302  |c CDR-1246.251  |l Stud. periodik/2.patro  |r Sklad / do 1 hodiny  |n 3  |p p.v.  |w 001138136  |u 000010  |a 1  |e BOA001  |j MZK50  |s N